Biện pháp quản lý công tác giáo dục đạo đức cho học sinh sinh viên Trường Cao đẳng nghề Đà Nẵng
Cơ sở lý luận về quản lý công tác giáo dục đạo đức cho HSSV trường cao đẳng, đại học; Thực trạng quản lý công tác giáo dục đạo đức cho HSSV trường Cao đẳng nghề Đà Nẵng; Biện pháp quản lý công tác giáo dục đạo đức cho HSSV trường Cao đẳng nghề Đà Nẵng......
Bewaard in:
| Hoofdauteur: | |
|---|---|
| Andere auteurs: | |
| Formaat: | Boek |
| Taal: | Vietnamese |
| Gepubliceerd in: |
Đà Nẵng
Đại học Đà Nẵng
2013
|
| Onderwerpen: | |
| Tags: |
Voeg label toe
Geen labels, Wees de eerste die dit record labelt!
|
| Thư viện lưu trữ: | Mạng thư viện Đại học Đà Nẵng |
|---|
| LEADER | 01892nam a2200349 4500 | ||
|---|---|---|---|
| 001 | 000019348 | ||
| 003 | 15783 | ||
| 005 | 20140417150455.0 | ||
| 008 | 140417s2013 viesd | ||
| 041 | |a vie | ||
| 082 | 1 | 4 | |a 378.014 |b HÔ-T |
| 100 | |a Hồ Thị Thanh Tâm | ||
| 245 | |a Biện pháp quản lý công tác giáo dục đạo đức cho học sinh sinh viên Trường Cao đẳng nghề Đà Nẵng |c Hồ Thị Thanh Tâm ; Nguyễn Thị Mỹ Lộc hướng dẫn. |k Luận văn Thạc sĩ | ||
| 260 | |a Đà Nẵng |b Đại học Đà Nẵng |c 2013 | ||
| 300 | |a 109 tr., phụ lục 8 tr. |c 29 cm. |e Tóm tắt | ||
| 500 | |a Luận văn thạc sĩ Quản lý giáo dục. Chuyên ngành: Quản lý giáo dục. Mã số: 60.14.05. | ||
| 520 | |a Cơ sở lý luận về quản lý công tác giáo dục đạo đức cho HSSV trường cao đẳng, đại học; Thực trạng quản lý công tác giáo dục đạo đức cho HSSV trường Cao đẳng nghề Đà Nẵng; Biện pháp quản lý công tác giáo dục đạo đức cho HSSV trường Cao đẳng nghề Đà Nẵng... | ||
| 650 | 0 | 4 | |a Giáo dục đại học |v Luận văn tốt nghiệp |x Giáo dục đạo đưc |x Nghiên cứu |z Đà Nẵng |
| 653 | |a Quản lý giáo dục | ||
| 653 | |a Giáo dục đại học | ||
| 653 | |a Giáo dục đạo đưc | ||
| 700 | 1 | |a Nguyễn Thị Mỹ Lộc |c GS.TS |e Hướng dẫn | |
| OWN | |a LSP | ||
| AVA | |a UDN50 |b LSP |d 378.014 HÔ-T |e available |t Error 5001 Not defined in file expand_doc_bib_avail. |f 1 |g 0 |h N |i 0 |k 1 | ||
| 999 | |a From the UDN01 | ||
| AVA | |a UDN50 |b LSP |d 378.014 HÔ-T |e available |t Error 5001 Not defined in file expand_doc_bib_avail. |f 1 |g 0 |h N |i 0 |k 1 | ||
| TYP | |a Monograph | ||
| TYP | |a Printed language | ||
| 980 | |a Mạng thư viện Đại học Đà Nẵng | ||